Funktionalanalysis und numerische mathematik
Αποθηκεύτηκε σε:
| Κύριος συγγραφέας: | |
|---|---|
| Μορφή: | Βιβλίο |
| Γλώσσα: | German |
| Δημοσίευση: |
Berlin :
Springer-Verlag,
1968
|
| Σειρά: | Grundlehren der mathematischen Wissenschaften in Einzeldarstellungen mit besonderer Berucksichtigung der Anwendungsgebiete ;
; 120 |
| Θέματα: | |
| Ετικέτες: |
Προσθήκη ετικέτας
Δεν υπάρχουν, Καταχωρήστε ετικέτα πρώτοι!
|
MARC
| LEADER | 00000nam a2200000 i 4500 | ||
|---|---|---|---|
| 001 | 1/52462 | ||
| 008 | 980825s1968 ger d | ||
| 020 | |a 3-540-04135-4 | ||
| 035 | |l 10044431 | ||
| 040 | |a GR-MY-UA |b gre |e aacr | ||
| 041 | 0 | |a ger | |
| 082 | 0 | |a 515.7 | |
| 100 | 1 | |a Collatz, L. |q (Lothar) |d 1910- | |
| 245 | 1 | 0 | |a Funktionalanalysis und numerische mathematik / |c Lothar Collatz |
| 260 | |a Berlin : |b Springer-Verlag, |c 1968 | ||
| 300 | |a xvi, 371 p.; |c 24 cm. | ||
| 490 | 1 | |a Grundlehren der mathematischen Wissenschaften in Einzeldarstellungen mit besonderer Berucksichtigung der Anwendungsgebiete |v ; 120 | |
| 500 | |a Includes bibliography | ||
| 650 | 0 | 0 | |a Functional analysis. |
| 650 | 0 | 0 | |a Numerical analysis. |
| 830 | 0 | |a Grundlehren der mathematischen Wissenschaften in Einzeldarstellungen mit besonderer Berucksichtigung der Anwendungsgebiete ; |v ; 120 | |
| 852 | |a INST |b SAMOS |e 19980825 |h 515.7 COL |p 005300009643 |q 005300009643 |t BK |y 0 | ||
| 901 | |a BIBL-1998-2 | ||
| 909 | |a Σ |b 041549 | ||
| 922 | |a 3ΕΛΗ |b 199808 |c ΒΙΒΛΙΟΘΗΚΗ |d ΚΩΣΤΑΡΑΚΗΣ | ||